000 00690nam a2200229Ia 4500
003 OSt
005 20251218091133.0
008 210716s2006 xx 000 0 und d
020 _a8184080660
040 _cAIMIT LIBRARY
041 _aeng
082 _a006.37
_21
_bNIEF
100 _aNielsen, Frank.
_9249421
245 _aVisual computing :
_bgeometry graphics and vision /
_cBy Frank Nielsen.
250 _a1st ed.
260 _aMumbai :
_bShroff Publishers and Distributors Pvt Ltd ,
_c2006.
300 _axvi,546p. ;
_bPB
_c23.5 cm
650 _aAbstract data structures
_9249422
650 _aMeshes
_9249423
650 _aAnimation
_9249424
942 _2ddc
_cBK
_e1
_k006.37 NIEF
999 _c187550
_d187550